Brokers role in the marketing of Sri Lanka rubber (Record no. 54973)

MARC details
000 -LEADER
fixed length control field 00472nam a2200121Ia 4500
100 ## - MAIN ENTRY--AUTHOR NAME
Personal name Perera Ranjith
245 #0 - TITLE STATEMENT
Title Brokers role in the marketing of Sri Lanka rubber
260 ## - PUBLICATION, DISTRIBUTION, ETC. (IMPRINT)
Name of publisher Proceedings of the International Rubber Conference, Colombo, 1984, V1. Part 1; p19-46Proceedings of the International Rubber Conference, Colombo, 1984, V1. Part 2; p583-587
650 ## - SUBJECT ADDED ENTRY--TOPICAL TERM
Topical Term Rubber marketing
650 ## - SUBJECT ADDED ENTRY--TOPICAL TERM
Topical Term Sri Lanka
942 ## - ADDED ENTRY ELEMENTS (KOHA)
Koha item type Journals
Holdings
Withdrawn status Lost status Damaged status Not for loan Home library Current library Shelving location Date acquired Koha item type
      Journals RRII Library RRII Library Agricultural economics 17/12/2021 Journals